Potential Gains From Mergers: Decomposition of the Cost-based Harmony Effect

Guardado en:
Detalles Bibliográficos
Autor principal: Kališ, Richard, 1991-
Otros Autores: Luptáčik, Mikuláš
Formato: Capítulo de libro
Lenguaje:inglés
Etiquetas: Agregar Etiqueta
Sin Etiquetas, Sea el primero en etiquetar este registro!

MARC

LEADER 00000naa$a2200000$$$4500
001 0290621
005 20240502083940.5
041 0 |a eng 
044 |a PT 
245 1 0 |a Potential Gains From Mergers: Decomposition of the Cost-based Harmony Effect  |c Richard Kališ, Mikuláš Luptáčik 
100 1 |a Kališ, Richard, 1991- 
700 1 |a Luptáčik, Mikuláš